Statystyki dla Znajdź panstwa przesuwając kursorem

Kliknij tutaj aby rozwiązać quiz!

Ogólne statystyki

  • Ten quiz został rozwiązany 415 razy
  • Średni wynik to 5 z 10

Odpowiedzi na mapie

Odpowiedzi skodowane kolorowo w zielono-czerwonej skali na mapie do tego quizu, zgodnie z poniższymi procentami.
 

Statystyki odpowiedzi

Państwo% Poprawnych
Algieria
100%
Arabia Saudyjska
100%
Argentyna
100%
Australia
100%
Boliwia
100%
Brazylia
100%
Brunei
100%
Czarnogóra
100%
Dania
100%
Demokratyczna
Republika Konga
100%
Finlandia
100%
Francja
100%
Grecja
100%
Indie
100%
Irak
100%
Iran
100%
Kanada
100%
Kazachstan
100%
Kenia
100%
Kolumbia
100%
Libia
100%
Meksyk
100%
Mikronezja
100%
Namibia
100%
Nepal
100%
Niemcy
100%
Nigeria
100%
Norwegia
100%
Peru
100%
Polska
100%
Republika
Zielonego Przylądka
100%
Republika Południowej Afryki
100%
Rosja
100%
Serbia
100%
Stany Zjednoczone
100%
Szwecja
100%
Tajlandia
100%
Tunezja
100%
Turcja
100%
Urugwaj
100%
Włochy
100%
Hiszpania
89%
Czad
83%
Bułgaria
80%
Filipiny
80%
Gwatemala
80%
Sudan
80%
Chile
75%
Czechy
75%
Panama
75%
Papua-Nowa Gwinea
75%
Węgry
75%
Botswana
71%
Oman
71%
Wenezuela
71%
Afganistan
67%
Austria
67%
Białoruś
67%
Chiny
67%
Etiopia
67%
Gujana
67%
Irlandia
67%
Mauretania
67%
Mauritius
67%
Nikaragua
67%
Nowa Zelandia
67%
Portugalia
67%
Surinam
67%
Turkmenistan
67%
Uzbekistan
67%
Wybrzeże Kości Słoniowej
67%
Bośnia i Hercegowina
60%
Ekwador
60%
Macedonia Północna
60%
Sudan Południowy
60%
Wietnam
57%
Albania
50%
Bangladesz
50%
Chorwacja
50%
Fidżi
50%
Ghana
50%
Honduras
50%
Indonezja
50%
Kamerun
50%
Katar
50%
Kiribati
50%
Kongo
50%
Liberia
50%
Madagaskar
50%
Mali
50%
Maroko
50%
Mjanma
50%
Niger
50%
Senegal
50%
Słowacja
50%
Syria
50%
Ukraina
50%
Vanuatu
50%
Wielka Brytania
50%
Wyspy Salomona
50%
Zimbabwe
50%
Estonia
40%
Izrael
40%
Pakistan
40%
Tadżykistan
40%
Mongolia
38%
Angola
33%
Armenia
33%
Burkina Faso
33%
Egipt
33%
Gabon
33%
Gwinea
33%
Jordania
33%
Kosowo
33%
Lesotho
33%
Malediwy
33%
Rwanda
33%
Tanzania
33%
Tuvalu
33%
Uganda
33%
Bahamy
29%
Belize
25%
Benin
25%
Cypr
25%
Erytrea
25%
Gambia
25%
Gwinea Równikowa
25%
Holandia
25%
Islandia
25%
Korea Północna
25%
Liban
25%
Łotwa
25%
Paragwaj
25%
Tajwan
25%
Wyspy Świętego
Tomasza i Książeca
25%
Azerbejdżan
20%
Bhutan
20%
Kambodża
20%
Laos
20%
Nauru
20%
Trynidad i Tobago
20%
Eswatini
17%
Litwa
17%
Mołdawia
14%
Belgia
0%
Burundi
0%
Dominikana
0%
Dżibuti
0%
Gruzja
0%
Gwinea Bissau
0%
Haiti
0%
Jamajka
0%
Japonia
0%
Jemen
0%
Kirgistan
0%
Komory
0%
Korea Południowa
0%
Kostaryka
0%
Kuba
0%
Kuwejt
0%
Luksemburg
0%
Malawi
0%
Malezja
0%
Malta
0%
Mozambik
0%
Palau
0%
Republika
Środkowoafrykańska
0%
Rumunia
0%
Salwador
0%
Samoa
0%
Seszele
0%
Sierra Leone
0%
Słowenia
0%
Somalia
0%
Sri Lanka
0%
Szwajcaria
0%
Timor Wschodni
0%
Togo
0%
Tonga
0%
Wyspy Marshalla
0%
Zambia
0%
Zjednoczone Emiraty Arabskie
0%

Rozkład punktacji

Percentyl według liczby udzielonych odpowiedzi

Procent ludzi z każdym wynikiem

Twoja historia wyników

Nie rozwiązałeś tego quizu